Metodická príručka ochrany rastlín platná od roku 1975 /

Main Author: Richter, František
Language: Slovak
Published: Bratislava : Príroda, 1975
Edition: 1. vyd.
Series: Edícia Ministerstva poľnohospodárstva a výživy SSR
Physical Description: 247 s.
Book
Saved in:
LEADER 00814nam a22002292a 4500
001 000250996
003 CZ BrMZK
005 20120920152903.0
007 ta
008 950101s1975 xo f slo d
040 |a BOA001  |b cze 
100 1 |a Richter, František  |7 jx20041020016  |4 aut 
245 1 0 |a Metodická príručka ochrany rastlín platná od roku 1975 /  |c František Richter (ved. aut. kol.), ... [et al.] 
250 |a 1. vyd. 
260 |a Bratislava :  |b Príroda,  |c 1975 
300 |a 247 s. 
490 1 |a Edícia Ministerstva poľnohospodárstva a výživy SSR 
830 0 |a Edícia Ministerstva poľnohospodárstva a výživy SSR 
910 |a BOA001  |b 2-0749.130 
990 |a BK 
991 |b 201206 
996 7 |b 2619902763  |c 2-0749.130  |l Sklad H1  |r Sklad / do 24 hodin  |n 1  |h HS 212  |w 000250996  |u 000010  |a 1  |e BOA001  |j MZK50  |s A